| 000 | 00968 a2200217 4500 | ||
|---|---|---|---|
| 001 | 59505 | ||
| 005 | 20260407155849.0 | ||
| 008 | 260407a1960 arg spa d | ||
| 003 | AR-UNSa-BCEJYS | ||
| 040 |
_aAR-UNSa-BCEJYS _bspa _cAR-UNSa-BCEJYS |
||
| 080 |
_a330.342 _xNivel de desarrollo. Grados del desarrollo de la economía. Sistemas económicos |
||
| 245 | 1 | 0 | _aSociologia del desarrollo económico |
| 264 | 1 |
_aBarcelona : _bSagitario _c1960 |
|
| 300 |
_a220 p. _c21 cm. |
||
| 505 | _a1. Nuevas oportunidades de existencia, como oferta y demanda – 2. De la carencia de bienes, a la problemática de la selección – 3. Historia del consumo en masa como revolución social – 4. Primacía del valer sobre la utilidad de los bienes – 5. Emancipación en el tiempo libre y sublimación del trabajo | ||
| 942 | _cBK | ||
| 590 | _aniveau_biblio:m niveau_hierar:0 | ||
| 100 | 1 | _aZahn, Ernest | |
| 700 | 1 | _aMurillo, Francisco | |
| 700 | 1 | _aBravo, José Antonio | |
| 999 |
_c6711 _d6711 |
||